| 000 | 00441nam a2200169Ia 4500 | ||
|---|---|---|---|
| 003 | IN-BaIIA | ||
| 008 | 211028s9999 xx 000 0 eng d | ||
| 040 | _cIIA Library | ||
| 080 |
_a52 _bMOU |
||
| 100 |
_aMoulton, Forest Ray _91178 |
||
| 245 | 3 |
_aAn introduction to astronomy _cForest Ray Moulton |
|
| 260 |
_aNew York _bMacmillan _c1906 |
||
| 300 | _axviii, 557p. | ||
| 650 |
_aAstronomy _980 |
||
| 650 |
_aAstrophysics _9794 |
||
| 942 | _cBK | ||
| 999 |
_c518 _d518 |
||